000 00419nam a2200145 4500
001 112675
003 ES-MaACL
005 20230906185606.0
007 t|
008 061121s1915 sp r ||||1| spa d
100 1 _aNieto García, José.
_985690
245 1 3 _aEl cultivo agrario en relación con el cultivo del suelo /
_cJosé Nieto García.
260 _aValladolid :
_b[s.n.],
_c1915.
852 _aES-MaACL
_j1490-F-9
999 _c112675
_d112675